000 00608nam a2200181Ia 4500
008 090630s9999 xx 000 0 und d
082 _b19619
100 _aठोमरे उमाकांत.
245 _aचक्रावर्त.
_cठोमरे उमाकांत.
260 _bसमाधी - नाशिक.
_c1982
300 _a96
600 _aठोमरे उमाकांत.
630 _aचक्रावर्त.
655 _aकादंबरी.
700 _aठोमरे उमाकांत.
730 _aचक्रावर्त.
942 _cBOOK
999 _c271475
_d271475